|
|
|
|
| LEADER |
01409nab#a2200409#ar4500 |
| 001 |
000119721 |
| 003 |
SVKKK |
| 005 |
20170525135228.0 |
| 008 |
131126d1914 xo |||||||||||||||b|hun |
| FMT |
|
|
|
| 038 |
|
|
|a SVKKK
|
| 040 |
|
|
|a SVKKK
|b slo
|e AACR2
|
| 041 |
0 |
|
|a hun
|
| 044 |
|
|
|a xo
|c SK
|
| 080 |
|
|
|a 355.332
|2 2011
|
| 080 |
|
|
|a 355.255
|2 2011
|
| 080 |
|
|
|a 355.311.3
|2 2011
|
| 242 |
1 |
0 |
|a Vojenské vymenovania
|
| 245 |
1 |
0 |
|a Katonai kinevezések
|
| 520 |
3 |
|
|a Husársky podplukovník Imre (Emmerich) Lühe, ktorého manželka pracuje v v nemocnici Červeného kríža, bol povýšený na plukovníka. Delostrelecký práporčík v zálohe, Dr. Géza Langsfeld bol povýšený na poručíka.
|
| 545 |
|
|
|a Különfélék
|
| 600 |
1 |
4 |
|a Lühe, Emmerich Friedrich Georg, von der
|d 1860-1941
|x husársky plukovník c. a k. armády
|y 1914
|z Spišská Nová Ves (Slovensko)
|
| 600 |
1 |
4 |
|a Langsfeld, Géza,
|c JUDr.
|d 1890-?
|x vojak
|x delostrelecký poručík c. a k. armády
|y 1914
|z Spišská Nová Ves (Slovensko)
|
| 648 |
0 |
4 |
|a 1914
|
| 650 |
0 |
4 |
|a dôstojníci
|
| 650 |
0 |
4 |
|a povýšenia
|
| 650 |
0 |
4 |
|a povyšovanie
|
| 650 |
0 |
4 |
|a armáda
|
| 651 |
|
4 |
|a Levoča (Slovensko)
|
| 655 |
|
4 |
|a hungariká
|
| 773 |
0 |
|
|t Szepesi Lapok : Politikai És Tátrai Ujság
|g Roč. XXX, č. 134 (20. 11. 1914), s. 4.
|
| 958 |
|
|
|a HU
|
| 974 |
|
|
|a vsz
|
| 992 |
|
|
|a RBX
|
| BAS |
|
|
|
| 852 |
|
|
|a SVKKK
|b BIB
|
| 998 |
|
|
|a RETRO
|